| 000 | 01123nam0a2200277 4500 | ||
|---|---|---|---|
| 001 | RU\NLR\BIBL_A\011975131 | ||
| 005 | 20190329150806.0 | ||
| 010 |
_a978-5-7608-0878-3 _9200 |
||
| 021 |
_aRU _bКН-П-18-083838 _9КН-П-18-6064 |
||
| 035 | _a(NLR Aleph) 011975131 | ||
| 090 |
_a11278572 _c11278572 |
||
| 100 | _a20190329d2018 m y0rusy50 ca | ||
| 101 | 0 | _aady | |
| 102 | _aRU | ||
| 105 | _ay z 000ay | ||
| 200 | 1 |
_aТызэкъотмэ-тылъэш _eусэхэр, поэмэхэр, расказхэр _fХъалыщ Сэфэрбый |
|
| 210 |
_aМыекъуапэ _cАдыгэ Респ. итхылъ тедзапI _d2018 |
||
| 215 |
_a109,[1] с. _d17 |
||
| 541 | 1 |
_6z01790 _aВместе мы едины _eстихотворения, поэмы рассказы _zrus |
|
| 686 | 1 | _aШ6(2=Адыг)7 я44 | |
| 700 | 1 |
_aХъалыщ _bС. _f1940- _gСэфэрбый _4070 |
|
| 790 | 1 |
_4070 _6z01541 _7ca _8rus _aХалиш _bС. А. _f1940- _gСафербий Ахмедович _9150790 _3RU\NLR\AUTH\770150827 |
|
| 852 |
_aNLR _bОНЛ _jАдыг./2-1089 |
||
| 942 | _cBOOK | ||
| 980 | _aNB | ||